[Event "Shelekhov Kaskad Cup"]
[Site "Shelekhov"]
[Date "2015.09.13"]
[Round "7"]
[White "Filippov, Stanislav"]
[Black "Demin, Petr"]
[Result "1-0"]
[WhiteElo "2143"]
[BlackElo "1883"]
[PlyCount "89"]
[EventDate "2015.09.03"]
[EventType "tourn"]
[EventRounds "9"]
[EventCountry "RUS"]
[SourceTitle "EXT 2016"]
[Source "ChessBase"]
[SourceDate "2015.10.08"]
[SourceVersion "1"]
[SourceVersionDate "2015.10.08"]
[SourceQuality "1"]

1. e4 e6 2. d4 d5 3. e5 c5 4. c3 Qb6 5. Nf3 Bd7 6. Bd3 Bb5 7. Bc2 a5 8. Be3 Ba6 9. Nbd2 Nc6 10. a3 cxd4 11. cxd4 Nge7 12. Rb1 Nf5 13. Nf1 Bxf1 14. Kxf1 Nxe3+ 15. fxe3 Be7 16. h4 h5 17. Ng5 Qd8 18. Nf3 b5 19. Rh3 g6 20. Kg1 Rb8 21. Rc1 Qb6 22. Ng5 Bxg5 23. hxg5 Rf8 24. Rf3 Ne7 25. Rf6 Rc8 26. Bd3 Rxc1 27. Qxc1 Kd7 28. Qf1 b4 29. a4 Nf5 30. Bxf5 gxf5 31. Qxf5 exf5 32. Rxb6 Rc8 33. Rb5 Rc2 34. Rxd5+ Ke7 35. Rxa5 Rxb2 36. Rb5 Ke6 37. Kh2 b3 38. Kg3 Rb1 39. a5 b2 40. a6 Re1 41. Rxb2 Rxe3+ 42. Kf4 Re4+ 43. Kf3 Rxd4 44. Ra2 Rd8 45. a7 1-0

[Event "Irkutsk Baykal op"]
[Site "Irkutsk"]
[Date "2015.05.30"]
[Round "1"]
[White "Demin, Petr"]
[Black "Tatarnikova, Ekaterina"]
[Result "1-0"]
[WhiteElo "1949"]
[BlackElo "1503"]
[PlyCount "97"]
[EventDate "2015.05.30"]
[EventType "swiss"]
[EventRounds "9"]
[EventCountry "RUS"]
[SourceTitle "EXT 2016"]
[Source "ChessBase"]
[SourceDate "2015.10.08"]
[SourceVersion "1"]
[SourceVersionDate "2015.10.08"]
[SourceQuality "1"]

1. e4 e5 2. Nf3 Nf6 3. Nc3 Nc6 4. Bb5 Bb4 5. 0-0 0-0 6. d3 d6 7. Bg5 Ne7 8. h3 Be6 9. Kh2 Bxc3 10. bxc3 Ng6 11. Qd2 c6 12. Ba4 h6 13. Be3 Nh7 14. Bb3 Bxb3 15. axb3 f5 16. exf5 Rxf5 17. Rxa7 Rxa7 18. Bxa7 b6 19. Qe3 c5 20. Qe4 Rf6 21. c4 Qc7 22. Ra1 Ne7 23. Ra6 Rf4 24. Bxb6 Rxe4 25. Bxc7 Re2 26. Bxd6 Nf5 27. Bxc5 Rxc2 28. Nxe5 Nf6 29. g4 Nh4 30. Kg3 Rb2 31. Kxh4 Rxb3 32. g5 hxg5+ 33. Kxg5 Kh7 34. Bd4 Rb7 35. f4 Rc7 36. Ng4 Nxg4 37. hxg4 Rd7 38. Be5 Re7 39. d4 Kg8 40. c5 Kf8 41. Bd6 Ke8 42. Bxe7 Kxe7 43. d5 Kd7 44. Ra7+ Kc8 45. c6 Kb8 46. Rb7+ Kc8 47. d6 g6 48. Rg7 Kd8 49. Rg8# 1-0

[Event "Irkutsk Region-ch sf3"]
[Site "Irkutsk"]
[Date "2014.08.09"]
[Round "6"]
[White "Demin, Petr"]
[Black "Eliseev, Nikolay"]
[Result "1-0"]
[WhiteElo "1978"]
[BlackElo "2104"]
[PlyCount "57"]
[EventDate "2014.08.04"]
[EventType "swiss"]
[EventRounds "9"]
[EventCountry "RUS"]
[SourceTitle "EXT 2016"]
[Source "ChessBase"]
[SourceDate "2015.10.08"]
[SourceVersion "1"]
[SourceVersionDate "2015.10.08"]
[SourceQuality "1"]

1. e4 c5 2. Nc3 d6 3. g3 Nc6 4. Bg2 Nf6 5. Nge2 g6 6. d3 Bg7 7. h3 0-0 8. Be3 Rb8 9. f4 b5 10. e5 Nxe5 11. fxe5 Nd7 12. exd6 exd6 13. Qc1 Re8 14. 0-0 Rxe3 15. Qxe3 Nf6 16. Qf4 Be6 17. Rae1 Qd7 18. Qh4 h6 19. g4 g5 20. Qg3 Rd8 21. b3 d5 22. Qf3 h5 23. gxh5 g4 24. hxg4 Nxg4 25. d4 cxd4 26. Nd1 Rc8 27. Nf4 Qd6 28. Rxe6 fxe6 29. Qxg4 1-0

[Event "Irkutsk Region-ch sf3"]
[Site "Irkutsk"]
[Date "2014.08.05"]
[Round "2"]
[White "Arbynova, Agniya"]
[Black "Demin, Petr"]
[Result "1-0"]
[WhiteElo "1756"]
[BlackElo "1978"]
[PlyCount "133"]
[EventDate "2014.08.04"]
[EventType "swiss"]
[EventRounds "9"]
[EventCountry "RUS"]
[SourceTitle "EXT 2016"]
[Source "ChessBase"]
[SourceDate "2015.10.08"]
[SourceVersion "1"]
[SourceVersionDate "2015.10.08"]
[SourceQuality "1"]

1. d4 d5 2. c4 c6 3. Nf3 Nf6 4. Nc3 a6 5. c5 b6 6. cxb6 Qxb6 7. e3 Bg4 8. Be2 e6 9. h3 Bh5 10. Ne5 Bxe2 11. Qxe2 Bd6 12. f4 c5 13. dxc5 Qxc5 14. Nd3 Qa7 15. 0-0 0-0 16. Kh1 Nbd7 17. b3 Rfe8 18. Bb2 e5 19. fxe5 Nxe5 20. Rxf6 Nxd3 21. Nxd5 Be5 22. Bxe5 Rxe5 23. Rd6 Qc5 24. Nf6+ gxf6 25. Qxd3 Rxe3 26. Qd4 Qe5 27. Rf1 Qxd4 28. Rxd4 Re2 29. Rxf6 Rxa2 30. Rd7 Rf8 31. Ra7 Ra3 32. b4 Ra4 33. Rb6 Kg7 34. Raxa6 Rxa6 35. Rxa6 Rb8 36. Ra4 Kf6 37. Kg1 Rb7 38. Kf2 Ke5 39. Ke3 Kd5 40. Kd3 f5 41. Ra5+ Ke6 42. Kc4 Rc7+ 43. Rc5 Rg7 44. b5 Rxg2 45. b6 Rb2 46. Rb5 Rc2+ 47. Kd3 Rc8 48. b7 Rb8 49. Ke3 Kd6 50. Kf4 Kc7 51. Kxf5 Rf8+ 52. Kg5 Kb8 53. h4 Rf7 54. h5 Rc7 55. Kh6 Rf7 56. Rg5 Rf6+ 57. Kxh7 Kxb7 58. Rg7+ Kc8 59. h6 Kd8 60. Rg6 Rf2 61. Kg7 Ke7 62. h7 Rf7+ 63. Kh6 Rf2 64. Rg5 Rf6+ 65. Kh5 Rf2 66. Kg4 Rf8 67. Rg8 1-0

[Event "Ulan-Ude Bajkal op 11th"]
[Site "Ulan-Ude"]
[Date "2014.07.28"]
[Round "6"]
[White "Bazarzhapov, Dugar"]
[Black "Demin, Petr"]
[Result "1/2-1/2"]
[WhiteElo "1790"]
[BlackElo "1978"]
[PlyCount "113"]
[EventDate "2014.07.20"]
[EventType "swiss"]
[EventRounds "9"]
[EventCountry "RUS"]
[SourceTitle "EXT 2015"]
[Source "ChessBase"]
[SourceDate "2014.11.20"]
[SourceVersion "1"]
[SourceVersionDate "2014.11.20"]
[SourceQuality "1"]

1. e4 e6 2. d4 d5 3. e5 c5 4. c3 Qb6 5. Nf3 Bd7 6. Be2 Bb5 7. 0-0 Bxe2 8. Qxe2 Qa6 9. Qd1 Nd7 10. Re1 Rc8 11. a3 Ne7 12. Nbd2 g6 13. Nf1 Bg7 14. Bg5 h6 15. Bxe7 Kxe7 16. N3d2 cxd4 17. cxd4 Rc7 18. b4 Rhc8 19. Nb3 b6 20. Ra2 Qa4 21. Nfd2 Rc3 22. Qb1 h5 23. f4 Qb5 24. Kf2 Qa4 25. g3 Bh6 26. h4 Ke8 27. Re3 Rxe3 28. Kxe3 Rc3+ 29. Kf2 Qc6 30. a4 Bf8 31. Na1 Kd8 32. Rc2 Nb8 33. b5 Qc7 34. Qb2 Rxc2 35. Qxc2 Bb4 36. Qxc7+ Kxc7 37. Nf3 Kd7 38. Nc2 Bc3 39. g4 hxg4 40. Nh2 Ke7 41. Nxg4 Nd7 42. Kf3 f6 43. exf6+ Nxf6 44. Ne5 Ne4 45. Nxg6+ Kf6 46. Ne5 Nd2+ 47. Kg4 Nb3 48. Nc6 Na1 49. Nxa1 Bxa1 50. Kf3 Bb2 51. Nxa7 Bxd4 52. Nc6 Bc5 53. a5 bxa5 54. Nxa5 e5 55. fxe5+ Kxe5 56. Nc6+ Kf5 57. Nb8 1/2-1/2

[Event "Irkutsk Baykal op"]
[Site "Irkutsk"]
[Date "2014.06.10"]
[Round "4"]
[White "Demin, Petr"]
[Black "Eliseev, Nikolay"]
[Result "1-0"]
[WhiteElo "1973"]
[BlackElo "2104"]
[PlyCount "95"]
[EventDate "2014.06.07"]
[EventType "swiss"]
[EventRounds "9"]
[EventCountry "RUS"]
[SourceTitle "CBM 161 Extra"]
[Source "ChessBase"]
[SourceDate "2014.08.29"]
[SourceVersion "1"]
[SourceVersionDate "2014.08.29"]
[SourceQuality "1"]

1. e4 c5 2. Nc3 Nc6 3. g3 e6 4. Bg2 Nf6 5. d3 Be7 6. Nge2 0-0 7. 0-0 d5 8. exd5 exd5 9. Nf4 Bg4 10. f3 Bf5 11. g4 Bg6 12. h4 d4 13. Nce2 h6 14. Nxg6 fxg6 15. Nf4 Kh7 16. Ne6 Qd6 17. Nxf8+ Rxf8 18. f4 Nd5 19. Bxd5 Qxd5 20. g5 Qf5 21. Kg2 Nb4 22. Rf2 hxg5 23. hxg5 Bxg5 24. a3 Nd5 25. Qh1+ Kg8 26. Qh3 Qf7 27. Bd2 Bxf4 28. Rh1 Qf6 29. Qh7+ Kf7 30. Bxf4 Nxf4+ 31. Rxf4 Qxf4 32. Rf1 Qxf1+ 33. Kxf1 Re8 34. Qh3 Re6 35. Qg2 b6 36. Qd5 Kf6 37. Kf2 Re5 38. Qd6+ Re6 39. Qf8+ Kg5 40. Qxg7 a5 41. b4 Rf6+ 42. Kg3 cxb4 43. axb4 a4 44. Qd7 a3 45. Qa4 Re6 46. Qxa3 Re3+ 47. Kf2 b5 48. Qa7 1-0

[Event "Irkutsk Baykal op"]
[Site "Irkutsk"]
[Date "2014.06.08"]
[Round "2"]
[White "Demin, Petr"]
[Black "Vinkovskaia, Kristina"]
[Result "1-0"]
[WhiteElo "1973"]
[BlackElo "1632"]
[PlyCount "53"]
[EventDate "2014.06.07"]
[EventType "swiss"]
[EventRounds "9"]
[EventCountry "RUS"]
[SourceTitle "CBM 161 Extra"]
[Source "ChessBase"]
[SourceDate "2014.08.29"]
[SourceVersion "1"]
[SourceVersionDate "2014.08.29"]
[SourceQuality "1"]

1. e4 e5 2. Nf3 Nc6 3. Bb5 f5 4. Nc3 Nf6 5. 0-0 d6 6. d4 fxe4 7. dxe5 exf3 8. exf6 Kf7 9. fxg7 Kxg7 10. Bxc6 bxc6 11. Qxf3 Bd7 12. Ne4 Be7 13. Bd2 Rf8 14. Bc3+ Kg8 15. Qg3+ Kf7 16. Qg7+ Ke8 17. Qxh7 Bf5 18. Qh5+ Kd7 19. Nf6+ Rxf6 20. Bxf6 Bxf6 21. Qxf5+ Ke7 22. Rae1+ Kf7 23. Re3 Rb8 24. Qh7+ Kf8 25. Rfe1 Rxb2 26. Rg3 Qe8 27. Rg8# 1-0